Statistics for Animal Crossing Species: Penguin

Click here to take the quiz!

General Stats

  • This quiz has been taken 4 times
  • The average score is 10 of 15

Answer Stats

Answer% Correct
Cube
100%
Iggly
100%
Aurora
67%
Chabwick
67%
Flo
67%
Friga
67%
Gwen
67%
Hopper
67%
Puck
67%
Roald
67%
Sprinkle
67%
Wade
67%
Analogue
33%
Boomer
33%
Tex
33%

Score Distribution

Percentile by Number Answered

Percent of People with Each Score

Your Score History

You have not taken this quiz